| 000 | 00643nam a2200193Ia 4500 | ||
|---|---|---|---|
| 008 | 140626s9999 xx 000 0 und d | ||
| 100 | _aAryee, Samuel.. | ||
| 245 |
_aFamily-supportive work environment and employee work behaviors : _b an investigation of mediating mechanisms / _cSamuel Aryee ... [et al.]. |
||
| 260 | _cc2013. | ||
| 300 | _a39 : 3, page 792 | ||
| 440 | _aJournal of Management | ||
| 521 | _aBSBA | ||
| 650 | _aContextual performance. | ||
| 650 | _aControl over work time. | ||
| 650 | _aFamily-supportive work environment. | ||
| 650 | _aOrganization-based self-esteem. | ||
| 650 | _aWork withdrawal. | ||
| 942 | _cSE | ||
| 999 |
_c121029 _d121029 |
||